01477nab a22002057a 4500003000400000005001700004008004100021040000700062100002800069245015300097260007300250300001500323500004500338505059900383505008900982650002301071650001401094650002101108773014201129OSt20251210160517.0190604e xxu||||| |||| 00| 0 spa d cPJ aZambrano (h.), Martín13aSobre el Procedimiento de Mediación Prejudicial en Materia de Salud y las consecuencias en la judicialización de la salud /cMartín Zambrano. aCiudad Autónoma de Buenos Aires :bThomson Reuters La Ley, c2025. ap. 110-119 aCita Online: TR LALEY AR/DOC/2391/2025.  aSumario: I. La irrupción del dec. 379/2025 frente al panorama desregulatorio en materia de salud.— II. Modificaciones al régimen actual.— III. Procedimiento de mediación prejudicial en materia de salud.— IV. Registro de Mediadores de PROMESA.— V. Participación estatal.— VI. Capacitaciones iniciales y permanentes.— VII. Anexos res. conjunta 1/2025.— VIII. Disp. 41/2025: pautas de actuación y requisitos para mediadores en salud.— IX. Res. 2461/2025 del Ministerio de Salud: directivas para la actuación de los abogados del Estado en el PROMESA.— X. Conclusión. t¿Te interesa el texto completo? Solicitalo al correo: koha@justierradelfuego.gov.ar 0aDERECHO A LA SALUD 0aMEDIACION 0aMEDICINA PREPAGA0 02714dCiudad Autónoma de Buenos Aires : Thomson Reuters La Ley, 2014-tRevista anales de legislación argentina. Nº 10- Octubre 2025.